000
00332pam a2200157a 44500
008
230515b2002 xxu||||| |||| 00| 0 eng d
020
_a
NULL
041
_a
ENGLISH
082
_a
630
100
_a
VERMA U S
245
_a
MACHINE DRAWING
250
_a
0
260
_a
PUNE
_b
DHANPAT RAI
_c
2002
300
_a
164
650
_a
NULL
999
_c
651184
_d
651184